Primi 15 paesi interessati da Covid-19 - 22 dicembre 2021 - Statistics

Statistiche generali
  • Questo quiz è stato fatto 4 volte
  • Il punteggio medio è 13 su 28
Statistiche sulle risposte
paese % Corretto
Francia
100%
Germania
100%
Italia
100%
Regno Unito
100%
Spagna
100%
Stati Uniti
100%
Brasile
75%
Croazia
75%
India
75%
Messico
75%
Russia
75%
Argentina
50%
Indonesia
50%
Iran
50%
Slovenia
50%
Belgio
25%
Cechia
25%
Israele
25%
Paesi Bassi
25%
Serbia
25%
Slovacchia
25%
Bahrain
0%
Colombia
0%
Estonia
0%
Georgia
0%
Lettonia
0%
Lituania
0%
Turchia
0%
Nessun quiz corrispondente trovato
Distribuzione punteggi
Percentuale di utenti per punteggio
Percentile per numero di risposta
I tuoi punteggi nel tempo
Non hai fatto questo quiz